Polar Bear, Polar Bear - Picture Quiz - Statistics

General Stats
  • This quiz has been taken 6 times
  • The average score is 9 of 10
Answer Stats
Picture Answer % Correct
ELEPHANT
100%
FLAMINGO
100%
HIPPO
100%
LION
100%
PEACOCK
100%
POLAR BEAR
100%
WALRUS
100%
ZEBRA
100%
LEOPARD
75%
BOA CONSTRICTOR
25%
No matching quizzes found
Score Distribution
Percent of People with Each Score
Percentile by Number Answered
Your Score History
You have not taken this quiz